Водные ресурсы КНР: проблемы освоения (Запись № 13153242)

Подробности
000 -МАРКЕР
контрольное поле 03804nam0a2200397 4500
001 - ИДЕНТИФИКАТОР ЗАПИСИ
контрольное поле RU\NLR\BIBL_A\012791115
005 - ИДЕНТИФИКАТОР ВЕРСИИ
контрольное поле 20250624160712.0
010 ## - МЕЖДУНАРОДНЫЙ СТАНДАРТНЫЙ НОМЕР КНИГИ (ISBN)
Номер (ISBN) 978-5-8381-0406-9
Тираж 500
021 ## - НОМЕР ГОСУДАРСТВЕННОЙ РЕГИСТРАЦИИ
Код страны российская федерация
Номер 2022-7532
Номер Листа государственной регистраци КН-П-608
035 ## - ДРУГИЕ СИСТЕМНЫЕ НОМЕРА
Идентификатор записи (RuMoRGB)010975726
035 ## - ДРУГИЕ СИСТЕМНЫЕ НОМЕРА
Идентификатор записи (NLR Aleph) 012791115
100 ## - ДАННЫЕ ОБЩЕЙ ОБРАБОТКИ
Данные общей обработки 20220518d2021 |||y0rusy50 ca
101 0# - ЯЗЫК РЕСУРСА
Язык текста, звукозаписи и т.д. русский
Язык резюме английский
Язык оглавления русский
-- английский
102 ## - СТРАНА ПУБЛИКАЦИИ ИЛИ ПРОИЗВОДСТВА
Страна публикации российская федерация
105 ## - ПОЛЕ КОДИРОВАННЫХ ДАННЫХ: ТЕКСТОВЫЕ МАТЕРИАЛЫ, МОНОГРАФИЧЕСКИЕ
Кодированные данные о монографическом текстовом документе a|||z||||||z|
181 #1 - ПОЛЕ КОДИРОВАННЫХ ДАННЫХ: ВИД СОДЕРЖАНИЯ
Код вида содержания (ISBD) i3
Код характеристики содержания (ISBD) axxe
182 #1 - ПОЛЕ КОДИРОВАННЫХ ДАННЫХ: ТИП СРЕДСТВА
Код типа средства (ISBD) n - непосредственное
200 1# - ЗАГЛАВИЕ И СВЕДЕНИЯ ОБ ОТВЕТСТВЕННОСТИ
Основное заглавие Водные ресурсы КНР: проблемы освоения
Параллельное заглавие China water resources: development challenges
Сведения, относящиеся к заглавию монография
Первые сведения об ответственности Н. В. Прохорова
Последующие сведения об ответственности Российская академия наук, Федеральное государственное бюджетное учреждение науки Институт Дальнего Востока Российской академии наук
Язык параллельного заглавия английский
203 ## - ВИД СОДЕРЖАНИЯ И ТИП СРЕДСТВА
Вид содержания Текст
Дополнительные сведения об издании визуальный
Тип средства непосредственный
210 ## - ПУБЛИКАЦИЯ, РАСПРОСТРАНЕНИЕ И ДР.
Место издания, распространения и т.д. Москва
Имя издателя, распространителя и т. д. ИДВ РАН
Дата издания, распространения и т.д. 2021
215 ## - ФИЗИЧЕСКАЯ ХАРАКТЕРИСТИКА
Специфическое обозначение материала и объем 247 с.
Другие сведения о физической характеристике ил.
Размеры 20
300 ## - ОБЩИЕ ПРИМЕЧАНИЯ
Текст примечания Авт. также на англ. яз.: N.V. Prohorova
320 ## - ПРИМЕЧАНИЯ О НАЛИЧИИ В ДОКУМЕНТЕ БИБЛИОГРАФИИ / УКАЗАТЕЛЯ
Текст примечания Библиогр.: с. 209-243 (293 назв.), библиогр. в примеч. в конце гл
330 ## - РЕЗЮМЕ ИЛИ РЕФЕРАТ
Текст примечания В книге анализируются подходы к исследованию водных ресурсов КНР, применяемые с 1949 г. по 2016 г. и имеющие свою предысторию. Подчеркивается тщательность проведенных исследований и перспективность их результатов для использования в водохозяйственном планировании на десятилетия и даже столетия вперед. Были открыты новые области применения знаний о водном хозяйстве, связанные с изменением структуры пространственного распределения водных ресурсов по территории страны, детальным распределением прав на воду в КНР, созданием водного рынка и др. Показано, что ухудшение экологии вод страны связано прежде всего с промышленным развитием. С постановкой экологических целей на первое место в индустриализации КНР созданная исследовательская база и накопленный опыт в изучении водных объектов позволит ориентироваться не только на улучшение базовых показателей экологии водных ресурсов, но и приведет к созданию собственных моделей многофункциональных экологических сред на базе водного комплекса
510 1# - ПАРАЛЛЕЛЬНОЕ ЗАГЛАВИЕ
Связь между полями z22790
Параллельное заглавие China water resources: development challenges
Язык заглавия английский
606 ## - НАИМЕНОВАНИЕ ТЕМЫ КАК ПРЕДМЕТ
Наименование темы Водные ресурсы
Географический подзаголовок Китайская Народная Республика
Системный номер авторитетной/нормативной записи 2522997
Идентификатор авторитетной/нормативной записи RU\NLR\AUTH\6601709237
606 1# - НАИМЕНОВАНИЕ ТЕМЫ КАК ПРЕДМЕТ
Наименование темы Водные ресурсы
Тематический подзаголовок Управление
Географический подзаголовок Китайская Народная Республика
Системный номер авторитетной/нормативной записи 2523070
Идентификатор авторитетной/нормативной записи RU\NLR\AUTH\6601709271
686 1# - ИНДЕКСЫ ДРУГИХ КЛАССИФИКАЦИЙ
Индекс Д229(54Кит)
686 1# - ИНДЕКСЫ ДРУГИХ КЛАССИФИКАЦИЙ
Индекс У45(5Кит)-51-21
700 #1 - ИМЯ ЛИЦА - ПЕРВИЧНАЯ ОТВЕТСТВЕННОСТЬ
Начальный элемент ввода Прохорова
Часть имени, кроме начального элемента ввода Н. В.
Расширение инициалов личного имени Наталья Викторовна
790 #1 - ИМЯ ЛИЦА - АЛЬТЕРНАТИВНАЯ ФОРМА
Связь между полями z22510
Начальный элемент ввода Prochorova
Часть имени, кроме начального элемента ввода N.V.
Расширение инициалов личного имени Natal'ja Viktorovna
942 ## - ДОПОЛНИТЕЛЬНЫЕ ЭЛЕМЕНТЫ ЗАПИСИ (АБИС)
Тип экземпляра АБИС Книга
980 ## - КОЛЛЕКЦИЯ
Название коллекции Национальная библиография
Экземпляры
Тип экземпляра Дата поступления Источник поступления Библиотека постоянного хранения Библиотека текущего хранения Место хранения Шифр хранения Штрих-код Статус не для выдачи
Книга 18.05.2022 Обязательный экземпляр РНБ (Московский) РНБ (Московский) Русский книжный фонд: издания с 1957 года, 8этаж, Хран. 2022-3/12939 1-3808842  
Книга 18.05.2022 Обязательный экземпляр РНБ (Московский) РНБ (Московский) Русский книжный фонд: издания с 1957 года, 8этаж, Хран. 2022-3/12939 1-3808838